书目信息 |
| 题名: |
中国特色的电视产业经营研究
|
|
| 作者: | 唐世鼎 , 黎斌 著 | |
| 分册: | ||
| 出版信息: | 北京 中国国际广播出版社 2009.01 |
|
| 页数: | 10,423页 | |
| 开本: | 26cm | |
| 丛书名: | ||
| 单 册: | ||
| 中图分类: | G229.2 | |
| 科图分类: | ||
| 主题词: | 电视事业--产业经济学--研究--中国 , 电视事业 , 产业经济学 | |
| 电子资源: | ||
| ISBN: | 978-7-5078-3030-9 | |
| 000 | 01030nam0 2200277 450 | |
| 001 | 010700061042 | |
| 005 | 20130627092802.85 | |
| 010 | @a978-7-5078-3030-9@dCNY68.00 | |
| 100 | @a20090207d2009 em y0chiy0110 ea | |
| 101 | 0 | @achi |
| 102 | @aCN@b110000 | |
| 105 | @aa z 000yy | |
| 106 | @ar | |
| 200 | 1 | @a中国特色的电视产业经营研究@9zhong guo te se de dian shi chan ye jing ying yan jiu@f唐世鼎,黎斌等著 |
| 210 | @a北京@c中国国际广播出版社@d2009.01 | |
| 215 | @a10,423页@c图@d26cm | |
| 300 | @a国家社科基金重点项目 | |
| 330 | @a本书为“国家社科基金重点项目”,中央电视台研究室主持编写。全书系统总结、回顾了中国电视产业发生发展的过程,冷静分析了当面临文化体制改革时,中国电视产业存在的巨大的市场空间和不可逾越的障碍,提出了实事求是的积极对策和建议。 | |
| 606 | 0 | @a电视事业@x产业经济学@x研究@y中国 |
| 606 | 0 | @a电视事业 |
| 606 | 0 | @a产业经济学 |
| 690 | @aG229.2@v4 | |
| 701 | 0 | @a唐世鼎@9tang shi ding@4著 |
| 701 | 0 | @a黎斌@9li bin@4著 |
| 801 | 0 | @aCN@bRENTIAN@c20090207 |
| 905 | @b546213-17@dG229.2@e158@f5 | |
| 中国特色的电视产业经营研究/唐世鼎,黎斌等著.-北京:中国国际广播出版社,2009.01 |
| 10,423页:图;26cm |
| 国家社科基金重点项目 |
| ISBN 978-7-5078-3030-9:CNY68.00 |
| 本书为“国家社科基金重点项目”,中央电视台研究室主持编写。全书系统总结、回顾了中国电视产业发生发展的过程,冷静分析了当面临文化体制改革时,中国电视产业存在的巨大的市场空间和不可逾越的障碍,提出了实事求是的积极对策和建议。 |
| ● |
| 相关链接 |
|
|
|
|
正题名:中国特色的电视产业经营研究
索取号:G229.2/158
 
预约/预借
| 序号 | 登录号 | 条形码 | 馆藏地/架位号 | 状态 | 备注 |
| 1 | 546213 | 205462131 | 第一样本阅览室/ [索取号:G229.2/158] | 在馆 | |
| 2 | 546214 | 205462140 | 第四借阅区/ [索取号:G229.2/158] | 在馆 | |
| 3 | 546215 | 205462159 | 第四借阅区/ [索取号:G229.2/158] | 在馆 | |
| 4 | 546216 | 205462168 | 第四借阅区/ [索取号:G229.2/158] | 在馆 | |
| 5 | 546217 | 205462177 | 第四借阅区/ [索取号:G229.2/158] | 在馆 |